000
00209 a2200097 4500
001
56770
100
_a
245
_a
Art and craft, Hello P B Bear
260
_a
ND
_b
DD Ref books
_c
2000
090
_c
34877
_d
34877
942
_a
NUST-CAE
_c
_c
27643
999
_c
291843
_d
291843